America's revolution /

Bibliographic Details
Main Author: Griffin, Patrick, 1965-
Format: Book
Language:English
Published: New York : Oxford University Press, 2012.
Subjects:

MARC

Tag First Indicator Second Indicator Subfields
LEADER 00000cam a2200000 a 4500
001 in00002865613
005 20151202172944.0
008 120608s2012 nyuab b 001 0 eng
010 |a  2012023300 
020 |a 9780199754809 (acid-free paper) 
020 |a 0199754802 (acid-free paper) 
035 |a (OCoLC)ocn795063819 
040 |a DLC  |c DLC  |d UtOrBLW 
043 |a n-us--- 
049 |a TXAM 
050 0 0 |a E208  |b .G828 2012 
082 0 0 |a 973.3  |2 23 
100 1 |a Griffin, Patrick,  |d 1965- 
245 1 0 |a America's revolution /  |c Patrick Griffin. 
264 1 |a New York :  |b Oxford University Press,  |c 2012. 
300 |a xviii, 342 pages, 4 unnumbered pages of colored plates :  |b illustrations, map ;  |c 22 cm. 
336 |a text  |b txt  |2 rdacontent 
337 |a unmediated  |b n  |2 rdamedia 
338 |a volume  |b nc  |2 rdacarrier 
504 |a Includes bibliographical references and index. 
505 0 |a The beginning: Britons -- "O happy country! happy kingdom!" -- "Reduce the savages to reason" -- "Such a power should be watched with a jealous eye" -- The middle: actors -- "They will cast your sovereignty in your face" -- "The devil is in the people" -- "Dark and bloody grounds" -- The end: founders -- "In the chair of independency" -- "Some way or other we must be a great and mighty empire" -- "Puzzled and prospering beyond example in the history of man." 
651 0 |a United States  |x History  |y Revolution, 1775-1783. 
651 0 |a United States  |x History  |y 1783-1815. 
650 0 |a Founding Fathers of the United States. 
945 |a PromptCat 
946 |a stk 
947 |a A14835917996 
948 |a cataloged  |b h  |c 2013/1/29  |d c  |e dmitchel  |f 4:00:00 pm 
994 |a 92  |b TXA 
999 |a MARS 
999 f f |s 792de902-11b6-3652-a383-dc54009502e9  |i 987220ef-f677-3c34-af40-1db3c75c1223  |t 0 
952 f f |p normal  |a Texas A&M University  |b College Station  |c Sterling C. Evans Library  |d Evans: Library Stacks  |t 0  |e E208 .G828 2012  |h Library of Congress classification  |i unmediated -- volume  |m A14835917996 
998 f f |a E208 .G828 2012  |t 0  |l Evans: Library Stacks